Azerbaijan Country Quiz - Statistics

General Stats
  • This quiz has been taken 91 times
  • The average score is 8 of 16
Answer Stats
Hint Answer % Correct
Official language Azerbaijani
97%
Major religion Islam
96%
Capital city Baku
94%
Currency Manat
68%
Top export Oil
68%
National sport Wrestling
58%
Second biggest city Ganja
56%
Most popular drink Tea
47%
Traditional music genre Mugham
44%
Eurovision Song Contest winners Ell & Nikki
42%
National animal Karabakh horse
41%
National fruit Pomegranate
41%
Home of ancient rock engravings Gobustan
33%
Longest river Kura
29%
Traditional women's headgear Kelaghayi
13%
National musical instrument Balaban
12%
No matching quizzes found
Score Distribution
Percent of People with Each Score
Percentile by Number Answered
Your Score History
You have not taken this quiz